000
00255nam a22001097a 4500
040
_c
SCME
100
_a
Leach richard
_9
113251
245
_a
Characterisation of areal surface texture
260
_a
UK
_b
Springer
_c
2013
300
_a
345p.
942
_2
ddc
_c
BK
999
_c
595003
_d
595003